[Event "Rhein Main op-B 25th"]
[Site "Bad Homburg"]
[Date "2023.06.08"]
[Round "3"]
[White "Boscher, Hans"]
[Black "Weber, Simon"]
[Result "0-1"]
[WhiteElo "1646"]
[BlackElo "1782"]
[PlyCount "76"]
[EventDate "2023.06.07"]
[EventType "swiss"]
[EventRounds "7"]
[EventCountry "GER"]
[SourceTitle "CBM 215 Extra"]
[Source "ChessBase"]
[SourceDate "2023.09.30"]
[SourceVersion "1"]
[SourceVersionDate "2023.09.30"]
[SourceQuality "1"]

1. e4 d5 2. exd5 Qxd5 3. Nc3 Qd8 4. Nf3 Nf6 5. Bc4 a6 6. a4 Nc6 7. 0-0 e6 8. d3 Bd6 9. Bg5 0-0 10. Ne4 Be7 11. c3 Nxe4 12. Bxe7 Nxf2 13. Bxd8 Nxd1 14. Raxd1 Rxd8 15. Ng5 Ne5 16. Bb3 h6 17. d4 hxg5 18. dxe5 Bd7 19. Rf2 Bc6 20. Rfd2 Rxd2 21. Rxd2 Kf8 22. Kf2 Ke7 23. Ke3 Rh8 24. g3 f5 25. a5 f4+ 26. gxf4 Rh3+ 27. Kd4 gxf4 28. Rf2 g5 29. Bd1 Rh8 30. Bg4 Rd8+ 31. Kc4 Rd5 32. Bf3 Rxe5 33. Bxc6 bxc6 34. b4 Rd5 35. h4 gxh4 36. Rxf4 Rh5 37. Rf2 h3 38. Rh2 Kd6 0-1

[Event "Hessen-chB"]
[Site "Marburg"]
[Date "2017.??.??"]
[Round "1"]
[White "Huebner, Kai"]
[Black "Weber, Simon"]
[Result "0-1"]
[WhiteElo "1658"]
[BlackElo "1853"]
[PlyCount "74"]
[EventDate "2017.05.24"]
[EventType "swiss"]
[EventRounds "7"]
[EventCountry "GER"]
[SourceTitle "EXT 2018"]
[Source "ChessBase"]
[SourceDate "2017.10.13"]
[SourceVersion "1"]
[SourceVersionDate "2017.10.13"]
[SourceQuality "1"]

1. d4 f5 2. Bf4 Nf6 3. e3 e6 4. Nd2 b6 5. Ngf3 Bb7 6. Be2 Be7 7. Ne5 0-0 8. Bf3 Bxf3 9. Qxf3 d5 10. h3 Bd6 11. g4 Ne4 12. Nxe4 fxe4 13. Qg3 g5 14. Bxg5 Qxg5 15. Ke2 Bxe5 16. dxe5 Rf3 17. h4 Rxg3 18. hxg5 Rxg4 19. Rag1 Rxg1 20. Rxg1 Kg7 21. Rh1 Nd7 22. Rh6 Re8 23. c4 Nxe5 24. cxd5 exd5 25. b3 Ng6 26. Rh1 c5 27. Rc1 Ne5 28. a4 Nf3 29. g6 Kxg6 30. a5 h5 31. axb6 axb6 32. Ra1 h4 33. Ra7 h3 34. Rd7 h2 35. Rd6+ Kg5 36. Rxd5+ Kh4 37. Rd1 Ng1+ 0-1

[Event "Hessen-ch op-B"]
[Site "Frankfurt Sossenheim"]
[Date "2015.??.??"]
[Round "1"]
[White "Weber, Simon"]
[Black "Hirsch, Gabriel"]
[Result "1-0"]
[WhiteElo "1407"]
[BlackElo "1778"]
[PlyCount "169"]
[EventDate "2015.05.13"]
[EventType "swiss"]
[EventRounds "7"]
[EventCountry "GER"]
[SourceTitle "EXT 2016"]
[Source "ChessBase"]
[SourceDate "2015.10.08"]
[SourceVersion "1"]
[SourceVersionDate "2015.10.08"]
[SourceQuality "1"]

1. e4 e5 2. Nf3 Nc6 3. Bc4 Be7 4. d3 Nf6 5. Be3 0-0 6. 0-0 d5 7. exd5 Nxd5 8. Bb5 Qd6 9. Nbd2 Nxe3 10. fxe3 Qc5 11. Bxc6 Qxe3+ 12. Kh1 bxc6 13. Re1 Qh6 14. Rxe5 Bd6 15. Re4 Be6 16. Rh4 Qf6 17. c3 Bd5 18. Ne4 Qd8 19. c4 Be7 20. Rf4 Be6 21. Ne5 Qe8 22. Qf3 f5 23. Ng3 Bg5 24. Nh5 Bxf4 25. Nxf4 Bd7 26. d4 Rb8 27. b3 c5 28. Qd5+ Rf7 29. Qxf7+ Qxf7 30. Nxf7 Kxf7 31. dxc5 Re8 32. Rd1 Bc6 33. Kg1 Re4 34. Nd5 Re2 35. Rf1 Rxa2 36. Rxf5+ Ke6 37. Rh5 h6 38. Nxc7+ Kd7 39. Nd5 Rb2 40. b4 Rc2 41. b5 Rc1+ 42. Kf2 Ba8 43. c6+ Bxc6 44. bxc6+ Kxc6 45. Nb4+ Kb6 46. Rb5+ Kc7 47. Nd5+ Kd6 48. Ne3 Kc6 49. Ke2 a6 50. Re5 Ra1 51. Nc2 Rg1 52. Nb4+ Kb6 53. Nd5+ Kc6 54. Ne3 Ra1 55. Re7 a5 56. Rxg7 a4 57. Rg6+ Kc5 58. Rxh6 a3 59. Rh5+ Kc6 60. Nc2 Rg1 61. Kf2 Rb1 62. Nxa3 Rb2+ 63. Kf3 Rb3+ 64. Kf4 Rxa3 65. Rd5 Ra4 66. Rd2 Rxc4+ 67. Ke5 Rh4 68. h3 Rh8 69. Kf6 Rf8+ 70. Kg7 Rf1 71. Rd3 Rh1 72. g4 Kc5 73. g5 Kc4 74. Rg3 Kd5 75. Kh6 Ke5 76. g6 Kf4 77. Rg4+ Kf5 78. Rg5+ Kf6 79. Rg3 Ra1 80. g7 Ra4 81. Rg4 Ra3 82. h4 Kf5 83. g8Q Ra6+ 84. Kh7 Ra7+ 85. Rg7 1-0